| 000 | 00986nam a22003257a 4500 | ||
|---|---|---|---|
| 001 | BR9902176 | ||
| 003 | BR-BrBNA | ||
| 005 | 20230928100249.0 | ||
| 007 | ta | ||
| 008 | 230509b bl.||||| |||| 00| 0 por d | ||
| 040 |
_aBR-BrBNA _bpor _cBiblioteca Nacional de Agricultura |
||
| 041 | _a(Por) | ||
| 072 |
_aP35 _b0150 _b3853 _b3866 |
||
| 090 | _ 0150 BR9902176 | ||
| 100 | 1 | _aPires, A.M.M. | |
| 110 | 1 |
_aEscola Superior de Agricultura Luiz de Queiroz, Piracicaba, SP (Brasil) _0Tese (Mestre em Agronomia) |
|
| 245 | 1 | _aDisponibilidade de Zn e Cu adicionados a solos via lodo de esgoto para plantas de arroz | |
| 260 | 3 |
_aPiracicaba, SP (Brasil): _c1998. |
|
| 300 | _a55 p. | ||
| 500 | _aSummaries (Eng, Por); Bibliography p. 38-47; 10 tables | ||
| 650 | _aArroz | ||
| 650 | _aZinco | ||
| 650 | _aCobre | ||
| 650 | _aDisponibilidade de Nutriente | ||
| 650 | _aSolo | ||
| 650 | _aPH | ||
| 650 | _aAdubo Liquido | ||
| 909 |
_a202309 _bLucia _c55 _dLucia Elande |
||
| 942 | _cBK | ||
| 999 |
_c60756 _d60756 |
||